Формула человека. Контуры фундаментальной психологии: Авторизов. пер. с англ.

Бібліографічні деталі
Автор: Лефевр В. А. Владимир Александрович
Мова:Російська
Опубліковано: Москва, Прогресс, 1991
Предмети:
Формат: Книга
KOHA link:https://koha.lib.tpu.ru/cgi-bin/koha/opac-detail.pl?biblionumber=20467

MARC

LEADER 00000nam0a2200000 4500
001 20467
005 20231101205346.0
035 |a (RuTPU)RU\TPU\book\20648 
035 |a BOOK00000045 
090 |a 20467 
100 |a 20011209d1991 km y0rusy50 ca 
101 1 |a rus  |c eng 
102 |a RU 
105 |a a z 001zy 
200 1 |a Формула человека. Контуры фундаментальной психологии  |e Авторизов. пер. с англ.  |f В. А. Лефевр 
210 |a Москва  |c Прогресс  |d 1991 
215 |a 108 с.  |c ил., табл. 
320 |a Библиогр.: с. 99-107. 
610 1 |a психология 
610 1 |a личность 
686 |a Ю937  |v LBC/SL-A  |2 rubbk 
700 1 |a Лефевр  |b В. А.  |c российский и американский психолог и математик  |c основатель теории рефлексии  |f 1936-  |g Владимир Александрович  |2 stltpush  |3 (RuTPU)RU\TPU\pers\22086  |9 9363 
801 0 |a RU  |b 63413507  |c 20011209  |g PSBO 
801 2 |a RU  |b 63413507  |c 20170428  |g PSBO 
942 |c BK